| 000 | 01072nam a2200253 a 4500 | ||
|---|---|---|---|
| 005 | 20240919064540.0 | ||
| 008 | 031014s1996 es r 000 0 spa d | ||
| 020 | _a8487567282 (Los Libros de la Catarata) | ||
| 020 | _a923303321X (UNESCO) | ||
| 035 | _aUPN01000130108 | ||
| 049 | _aUNE | ||
| 050 | 4 |
_aGE70 _bH8.2 |
|
| 100 | 1 |
_aHungerford, Harold R., _d1928- _938474 |
|
| 245 | 1 | 0 |
_aCómo construir un programa de educación ambiental : _bdocumento de trabajo para los seminarios de formación sobre educación ambiental organizados por la UNESCO / _cHarol R. Hungerford, Robert Ben Peyton. |
| 260 |
_aMadrid : _bUNESCO : _bLos Libros de la Catarata, _cc1996. |
||
| 300 | _a59 p. | ||
| 440 | 0 |
_aEducación ambiental ; _v22 |
|
| 500 | _a"Programa Internacional de Educación Ambiental UNESCO-PNUMA" | ||
| 500 | _aTambién localizas un ejemplar en Colección General | ||
| 534 |
_pTraducción de: _tProcedures for developing an environmental education curriculum |
||
| 650 | 4 |
_aEducación ambiental _94338 |
|
| 700 | 1 |
_aPeyton, Robert Ben, _ecoaut. |
|
| 905 | _aLibro | ||
| 999 |
_c102265 _d102265 |
||